000 004210000a22001810004500
003 MACL
005 20151010122237.0
008 151010b xxu||||| |||| 00| 0 eng d
040 _aMACL
_cMACL
041 _aEnglish
082 _a920/GAN
100 _aGangal, V.D.
_914292
245 _aHarsha
260 _bNatioal Book Trust
_c1968
_aNew Delhi
350 _a1.75
650 _aBiography
_914293
942 _cBK
_k920
_2ddc
999 _c7226
_d7226